| 000 | 00920nam0a22002411 4500 | ||
|---|---|---|---|
| 001 | v19\rc\1956657 | ||
| 005 | 20250619211052.0 | ||
| 035 | _a(NLR Aleph) 005040971 | ||
| 090 |
_a6793135 _c6793135 |
||
| 100 | _a20080428d1913 |||y0rusy50 ca | ||
| 101 | 0 | _arus | |
| 102 | _aRU | ||
| 105 | _ay z ||||| | ||
| 200 | 1 |
_aПримерные программы предметов, преподаваемых в начальных народных училищах ведомства Министерства народного просвещения _fИзд. А.Т. Пластининым |
|
| 205 | _a5-е изд. | ||
| 210 |
_aСанкт-Петербург _cтип. Е.И. Фесенко _d1913 |
||
| 215 | _a32 с. | ||
| 700 | 1 |
_aПластинин _bА.Т. _gАлександр Трофимович |
|
| 801 | 0 |
_aRU _bNLR _gpsbo |
|
| 801 | 1 |
_aRU _bProSoft-M _2rusmarc |
|
| 852 |
_aNLR _j18.258.468 |
||
| 942 | _cBOOK | ||
| 980 | _aNB | ||